<?xml version="1.0" encoding="UTF-8"?>
<collection xmlns:xsi="http://www.w3.org/2001/XMLSchema-instance" xsi:schemaLocation="http://www.loc.gov/MARC21/slim http://www.loc.gov/standards/marcxml/schema/MARC21slim.xsd" xmlns="http://www.loc.gov/MARC21/slim">
 <record>
  <leader>00000cmm a22000004a 4500</leader>
  <controlfield tag="001">UP-99796217611385211</controlfield>
  <controlfield tag="003">Buklod</controlfield>
  <controlfield tag="005">20241205103553.0</controlfield>
  <controlfield tag="006">m     o  j        </controlfield>
  <controlfield tag="007">cr |n |||auu|a</controlfield>
  <controlfield tag="008">241205s2011    xx     go  j        ita| </controlfield>
  <datafield tag="020" ind1=" " ind2=" ">
   <subfield code="a">9788847018754 (eBook)</subfield>
  </datafield>
  <datafield tag="035" ind1=" " ind2=" ">
   <subfield code="a">(iLib)UPD-00227807020</subfield>
  </datafield>
  <datafield tag="040" ind1=" " ind2=" ">
   <subfield code="a">DMLR</subfield>
   <subfield code="b">ita</subfield>
   <subfield code="e">rda</subfield>
  </datafield>
  <datafield tag="041" ind1="1" ind2=" ">
   <subfield code="a">ita</subfield>
   <subfield code="h">eng</subfield>
  </datafield>
  <datafield tag="042" ind1=" " ind2=" ">
   <subfield code="a">DMLUC</subfield>
  </datafield>
  <datafield tag="084" ind1=" " ind2=" ">
   <subfield code="a">R 729.8</subfield>
   <subfield code="b">V56 2011eb</subfield>
  </datafield>
  <datafield tag="100" ind1="1" ind2=" ">
   <subfield code="a">Vincent, Charles</subfield>
   <subfield code="e">author</subfield>
  </datafield>
  <datafield tag="240" ind1="1" ind2="0">
   <subfield code="a">Patient safety.</subfield>
   <subfield code="l">Italian.</subfield>
  </datafield>
  <datafield tag="245" ind1="1" ind2="0">
   <subfield code="a">La sicurezza del paziente</subfield>
   <subfield code="c">Charles Vincent ; edited by Riccardo Tartaglia, Sara Albolino, and Tommaso Bellandi.</subfield>
  </datafield>
  <datafield tag="264" ind1=" " ind2="1">
   <subfield code="a">Milan</subfield>
   <subfield code="b">Springer</subfield>
   <subfield code="c">c2011.</subfield>
  </datafield>
  <datafield tag="300" ind1=" " ind2=" ">
   <subfield code="a">1 online resource </subfield>
   <subfield code="b">illustrations</subfield>
  </datafield>
  <datafield tag="336" ind1=" " ind2=" ">
   <subfield code="a">text</subfield>
   <subfield code="2">rdacontent</subfield>
  </datafield>
  <datafield tag="337" ind1=" " ind2=" ">
   <subfield code="a">computer</subfield>
   <subfield code="2">rdamedia</subfield>
  </datafield>
  <datafield tag="338" ind1=" " ind2=" ">
   <subfield code="a">online resource</subfield>
   <subfield code="2">rdacarrier</subfield>
  </datafield>
  <datafield tag="505" ind1="0" ind2=" ">
   <subfield code="a">Breve storia degli eventi avversi in sanitáa -- Gli esordi della sicurezza del paziente -- Integrazione di sicurezza e qualitáa -- Natura ed entitáa dell'errore e del danno -- Sistemi di segnalazione e apprendimento -- La misurazione della sicurezza -- Errore umano ep en siero sistemico -- Capire come mai le cose vanno male -- La cura dei pazienti danneggiati da un trattamento -- Supporto al personale sanitario dopo eventi gravi -- Interventi clinici e miglioramento del processo -- Progettazione e sicurezza del paziente -- Tecnologia dell'informazione e riduzione dell'errore -- Creare una cultura della sicurezza -- Coinvolgimento del paziente nella propria sicurezza -- Procedure, violazioni e derive -- Le competenze che promuovono la sicurezza -- II team crea la sicurezza -- Organizzazioni sicure: riunire tutto -- Sistemi sanitari a elevata performanc</subfield>
  </datafield>
  <datafield tag="506" ind1=" " ind2=" ">
   <subfield code="a">IP-based subscription, access limited to within on-campus computer network.</subfield>
   <subfield code="c">Access via Electronic Resources of the UPD University Library Website</subfield>
  </datafield>
  <datafield tag="520" ind1=" " ind2=" ">
   <subfield code="a">Una sanità sempre più di qualità e sicura è un obiettivo che presuppone un modello di governo clinico capace di mettere continuamente alla prova non solo la professionalità, ma anche la mentalità, le abitudini e icomportamenti di ogni operatore sanitario. Il riferimento deve essere sempre il paziente, adeguatamente informato per essere responsabile del proprio percorso di salute. La sicurezza nei percorsi sanitari e assistenziali, assieme al rispetto delle procedure e dei protocolli diagnostico-terapeutici, deve quindi divenire il principio su cui basare qualsiasi proposta organizzativa in sanità. La seconda edizione del volume di Charles Vincent, Patient Safety ? presentato per la prima volta in versione italiana ? rappresenta un?utilissima guida al miglioramento delle procedure relative alla sicurezza in ambito sanitario. Questo libro rappresenta un utile strumento per la formazione delle nuove generazioni di operatori sanitari, affinché, fin dalla preparazione universitaria e poi nell?educazione continua, la qualità e la sicurezza delle cure divengano un pilastro fondamentale nella cultura professionale e manageriale del presente e</subfield>
  </datafield>
  <datafield tag="533" ind1=" " ind2=" ">
   <subfield code="a">Electronic reproduction.</subfield>
   <subfield code="b">New York</subfield>
   <subfield code="c">SpringerLink</subfield>
   <subfield code="d">2011.</subfield>
   <subfield code="n">Available via World Wide Web through SpringerLink</subfield>
  </datafield>
  <datafield tag="650" ind1=" " ind2="0">
   <subfield code="a">Public health.</subfield>
  </datafield>
  <datafield tag="700" ind1="1" ind2=" ">
   <subfield code="a">Tartaglia, Riccardo</subfield>
   <subfield code="e">editor.</subfield>
  </datafield>
  <datafield tag="700" ind1="1" ind2=" ">
   <subfield code="a">Albolino, Sara </subfield>
   <subfield code="e">editor.</subfield>
  </datafield>
  <datafield tag="700" ind1="1" ind2=" ">
   <subfield code="a">Bellandi, Tommaso </subfield>
   <subfield code="e">editor.</subfield>
  </datafield>
  <datafield tag="856" ind1="4" ind2="0">
   <subfield code="y">Available for University of the Philippines System via SpringerLink</subfield>
   <subfield code="u">https://link.springer.com/book/10.1007/978-88-470-1875-4</subfield>
  </datafield>
  <datafield tag="905" ind1=" " ind2=" ">
   <subfield code="a">FO</subfield>
  </datafield>
  <datafield tag="852" ind1="0" ind2=" ">
   <subfield code="a">UPD</subfield>
   <subfield code="b">DMLR</subfield>
   <subfield code="h">R 729.8</subfield>
   <subfield code="i">V56 2011eb</subfield>
  </datafield>
  <datafield tag="942" ind1=" " ind2=" ">
   <subfield code="a">Electronic Resource</subfield>
  </datafield>
 </record>
</collection>
